000 00507nam a22001937a 4500
003 BUBTL
008 160831b xxu||||| |||| 00| 0 eng d
020 _a978-81-317-5400-9
082 _a536.7MAH
100 _9820
_aManna,Anandamoy
245 _aHeat and Thermodynamics
260 _aDelhi
_bPearson
_cc2011
300 _a[xii],493p.
_bills.
_c23.5cm.
650 0 _9167
_aPhysics
700 _9821
_aManna,Anandamoy
856 _k0
_l0
_yDownload
942 _2ddc
_cBK
999 _c5340
_d5340